| 000 | 01859nam a2200565 i 4500 | ||
|---|---|---|---|
| 001 | 9822 | ||
| 003 | KOSZ 005 | ||
| 005 | 20250820063551.0 | ||
| 008 | 000316s1978 pl a f f |000 0 eng | ||
| 015 | _aUWD 1979/636 | ||
| 035 | _a991013083879705066 | ||
| 035 | _a(PL-WaBN)b13531402-48omnis_nlop | ||
| 035 | _ab13531402 | ||
| 035 | _a(OCoLC)830232114 | ||
| 035 | _a(PL)b0000001353140 | ||
| 035 | _a(EXLNZ-48OMNIS_NETWORK)9910373050605606 | ||
| 040 |
_aWA N _cWA N _dKOSZ 005/HR |
||
| 041 | 0 |
_aeng _apol |
|
| 046 | _k1978 | ||
| 080 | _a811,111 | ||
| 080 | _a53 | ||
| 080 | _a54 | ||
| 080 | _a620.2 | ||
| 080 | _a(075.8) | ||
| 100 | 1 |
_aSokołowska, Alina _c(filolożka) _eAutor |
|
| 245 | 1 | 0 |
_aPhysics, chemistry, engineering materials : _bskrypt dla studentów wyższych szkół technicznych do przedmiotu Język angielski / _cAlina Sokołowska. |
| 260 |
_aKraków : _bPolitechnika Krakowska, _c1978. |
||
| 300 |
_a212 s. : _bil. ; _c24 cm. |
||
| 336 |
_aTekst _btxt _2rdacontent |
||
| 337 |
_aBez urządzenia pośredniczącego _bn _2rdamedia |
||
| 338 |
_aWolumin _bnc _2rdacarrier |
||
| 380 | _aKsiążki | ||
| 380 | _aPublikacje dydaktyczne | ||
| 385 |
_mPoziom nauczania _aSzkoły wyższe |
||
| 388 | _a1901-2000 | ||
| 388 | _a1945-1989 | ||
| 504 | _aBibliogr. s. 164. | ||
| 650 | 7 |
_aChemia _2DBN |
|
| 650 | 7 |
_aFizyka _2DBN |
|
| 650 | 7 |
_aJęzyk angielski _2DBN |
|
| 650 | 7 |
_aMateriałoznawstwo _2DBN |
|
| 650 | 7 | _aTerminologia | |
| 655 | 7 |
_aPodręczniki akademickie _2DBN |
|
| 658 | _aInżynieria i technika | ||
| 658 | _aJęzykoznawstwo | ||
| 710 | 2 |
_aPolitechnika Krakowska im. Tadeusza Kościuszki _4pbl |
|
| 856 |
_uhttp://koha.tu.koszalin.pl/cgi-bin/koha/opac-detail.pl?biblionumber=9822 _yKatalog online BPK |
||
| 942 |
_2UKD _cKS |
||
| 999 |
_c9822 _d9822 |
||